00430cam a2200169ua 45000010005000000080039000050400009000440820013000531000033000662450041000992500010001402600036001503000014001866530019002006530022002196530019002412669110909n ii |||gr||||Z||||||asm cMAIN a891.4512 aBaruah, Chandadhar,eAuthor.11aMeghanaad badhcby Chandadhar Baruah a11th. aJorhat:bNalinidhar baruah,965. a110p:9cm. aAssamese drama aAssamese language aMeghanaad badh